| 000 | 01077 a2200217 4500 | ||
|---|---|---|---|
| 001 | 63985 | ||
| 005 | 20260521160828.0 | ||
| 008 | 260521a1998 arg spa d | ||
| 003 | AR-UNSa-BCEJYS | ||
| 040 |
_aAR-UNSa-BCEJYS _bspa _cAR-UNSa-BCEJYS |
||
| 080 |
_a657.47 _xContabilidad de Costos |
||
| 245 | 1 | 0 | _aElementos básicos de costos industriales |
| 020 | _a978-950-537-428-1 | ||
| 264 | 1 |
_aBuenos Aires : _bEdiciones Macchi _c1998 |
|
| 300 |
_axvi, 254 p. _c22 cm. |
||
| 505 | _a1. La empresa y los costos – 2. Ciclos de la contabilidad de costos – 3. Materiales y materias primas – 4. Mano de obra directa – 5. Carga fabril – 6. Sistemas de costos – 7. Sistema de contabilidad de costos por órdenes especificas – 8. Sistema de contabilidad por procesos – 9. Costeo de la producción conjunta – 10. Costos estimados – 11. Costo estándar – 12. Los costos contables y los costos económicos – 13. Reportes a la dirección – | ||
| 041 | _aspa | ||
| 942 | _cBK | ||
| 590 | _aniveau_biblio:m niveau_hierar:0 | ||
| 100 | 1 | _aCarro, Roberto Ricardo | |
| 999 |
_c36463 _d36463 |
||